Представление документа в формате RUSMARC

Поле Инд. ПП Название Значение
Тип записи a
Библиографический уровень a
001 Контрольный номер RU/REP/BASE/00008363
005 Дата корректировки 20181104132002.0
200 1_ a Заглавие Возможность привлечения специалистов к назначению криминалистической экспертизы по следам транспортных средств
f Первые сведения об ответственности А.Р. Сысенко, Н.И. Герасименко
b Общее обозначение материала Текст
210 1_ d Дата издания 2015
461 _0 1 001RU/REP/BASE/00010629
1 2001
a Закон и право
463 _1 1 20002
a №3.
v С. 141-143
1 2101
d 2015
610 0_ a Ключевые слова КРИМИНАЛИСТИКА, СЛЕДСТВЕННЫЕ ДЕЙСТВИЯ, ЭКСПЕРТИЗА, СПЕЦИАЛЬНЫЕ ЗНАНИЯ, ПРЕСТУПЛЕНИЯ ТРАНСПОРТНЫЕ
700 _1 a Фамилия Сысенко
b Имя А.Р.
701 _1 a Фамилия Герасименко
b Имя Н.И.
901 t Тип документа b
w Контрольный № источника 5a23989cd0b04ff181632af5680417df